[Event "Russian Blitz Championship (m)"]
[Site "Sochi"]
[Date "2022.10.14"]
[Round "5.9"]
[White "Tomashevsky, Evgeny"]
[Black "Bryakin, Mikhail"]
[Result "1/2-1/2"]
[BlackElo "2367"]
[WhiteElo "2695"]
[LiveChessVersion "1.4.8"]

1. c4 {[%clk 0:03:03]} c6 {[%clk 0:03:03]} 2. Nf3 {[%clk 0:03:01]} d5
{[%clk 0:03:04]} 3. g3 {[%clk 0:03:02]} Nf6 {[%clk 0:03:04]} 4. Bg2
{[%clk 0:03:03]} dxc4 {[%clk 0:02:49]} 5. O-O {[%clk 0:03:04]} Nbd7
{[%clk 0:02:50]} 6. Qc2 {[%clk 0:03:03]} g6 {[%clk 0:02:38]} 7. Na3
{[%clk 0:02:49]} Nb6 {[%clk 0:02:28]} 8. Nxc4 {[%clk 0:02:47]} Nxc4
{[%clk 0:02:28]} 9. Qxc4 {[%clk 0:02:48]} Bg7 {[%clk 0:02:29]} 10. d3
{[%clk 0:02:22]} O-O {[%clk 0:02:29]} 11. Bd2 {[%clk 0:02:22]} Be6
{[%clk 0:02:13]} 12. Qc2 {[%clk 0:02:19]} a5 {[%clk 0:02:08]} 13. Rfc1
{[%clk 0:02:17]} Qb6 {[%clk 0:02:05]} 14. Be3 {[%clk 0:02:06]} Qa6
{[%clk 0:02:06]} 15. Bc5 {[%clk 0:01:59]} Rfe8 {[%clk 0:02:06]} 16. Nd4
{[%clk 0:01:59]} Bg4 {[%clk 0:01:49]} 17. h3 {[%clk 0:01:55]} Bd7
{[%clk 0:01:50]} 18. Qc4 {[%clk 0:01:53]} e5 {[%clk 0:01:43]} 19. Nb3
{[%clk 0:01:30]} a4 {[%clk 0:01:29]} 20. Nd2 {[%clk 0:01:30]} Be6
{[%clk 0:01:12]} 21. Qxa6 {[%clk 0:01:13]} Rxa6 {[%clk 0:01:12]} 22. a3
{[%clk 0:01:14]} Bd5 {[%clk 0:01:05]} 23. Rc2 {[%clk 0:01:07]} Bxg2
{[%clk 0:01:03]} 24. Kxg2 {[%clk 0:01:07]} e4 {[%clk 0:01:00]} 25. d4
{[%clk 0:01:03]} Nd5 {[%clk 0:00:48]} 26. Nc4 {[%clk 0:00:57]} f5
{[%clk 0:00:33]} 27. e3 {[%clk 0:00:56]} Bf6 {[%clk 0:00:30]} 28. Rb1
{[%clk 0:00:57]} b5 {[%clk 0:00:23]} 29. Nd2 {[%clk 0:00:53]} Kf7
{[%clk 0:00:22]} 30. Rbc1 {[%clk 0:00:51]} Ke6 {[%clk 0:00:19]} 31. Nb1
{[%clk 0:00:50]} Kd7 {[%clk 0:00:19]} 32. Nc3 {[%clk 0:00:49]} Nxc3
{[%clk 0:00:15]} 33. Rxc3 {[%clk 0:00:50]} Bd8 {[%clk 0:00:05]} 34. g4
{[%clk 0:00:49]} Ba5 {[%clk 0:00:06]} 35. R3c2 {[%clk 0:00:50]} Bc7
{[%clk 0:00:05]} 36. Bb4 {[%clk 0:00:50]} Bb8 {[%clk 0:00:05]} 37. gxf5
{[%clk 0:00:45]} gxf5 {[%clk 0:00:06]} 38. Rc5 {[%clk 0:00:46]} Rg8+
{[%clk 0:00:05]} 39. Kf1 {[%clk 0:00:47]} f4 {[%clk 0:00:07]} 40. Rh5
{[%clk 0:00:46]} Rg7 {[%clk 0:00:08]} 41. d5 {[%clk 0:00:30]} fxe3
{[%clk 0:00:09]} 42. fxe3 {[%clk 0:00:30]} Rf7+ {[%clk 0:00:05]} 43. Ke2
{[%clk 0:00:30]} Bg3 {[%clk 0:00:07]} 44. dxc6+ {[%clk 0:00:28]} Rxc6
{[%clk 0:00:08]} 45. Rd5+ {[%clk 0:00:29]} Kc7 {[%clk 0:00:08]} 46. Ba5+
{[%clk 0:00:30]} Kb7 {[%clk 0:00:10]} 47. Rf1 {[%clk 0:00:07]} Rxf1
{[%clk 0:00:07]} 48. Kxf1 {[%clk 0:00:08]} Rc2 {[%clk 0:00:07]} 49. Bc3
{[%clk 0:00:08]} Kc6 {[%clk 0:00:07]} 50. Rh5 {[%clk 0:00:09]} Bd6
{[%clk 0:00:05]} 51. Bd4 {[%clk 0:00:09]} b4 {[%clk 0:00:05]} 52. axb4
{[%clk 0:00:10]} Bxb4 {[%clk 0:00:06]} 53. Rxh7 {[%clk 0:00:11]} Kd5
{[%clk 0:00:07]} 54. Ra7 {[%clk 0:00:11]} Rh2 {[%clk 0:00:06]} 55. Rxa4
{[%clk 0:00:12]} Bd2 {[%clk 0:00:07]} 56. b3 {[%clk 0:00:09]} Rxh3
{[%clk 0:00:07]} 57. Kg2 {[%clk 0:00:09]} Rf3 {[%clk 0:00:07]} 58. Bb6
{[%clk 0:00:05]} Bxe3 {[%clk 0:00:07]} 59. Bxe3 {[%clk 0:00:05]} Rxe3 60. Kf2
{[%clk 0:00:06]} Rxb3 {[%clk 0:00:10]} 61. Ke2 {[%clk 0:00:08]} Ke5
{[%clk 0:00:11]} 62. Ra8 {[%clk 0:00:09]} 1/2-1/2

[Event "Russian Blitz Championship (m)"]
[Site "Sochi"]
[Date "2022.10.14"]
[Round "5.10"]
[White "Dragomarezkij, Evgeni"]
[Black "Tsydypov, Zhamsaran"]
[Result "1/2-1/2"]
[BlackElo "2598"]
[WhiteElo "2283"]
[LiveChessVersion "1.4.8"]

1. d4 {[%clk 0:03:04]} g6 {[%clk 0:03:03]} 2. e4 {[%clk 0:03:04]} Bg7
{[%clk 0:03:04]} 3. c4 {[%clk 0:03:05]} d6 {[%clk 0:03:04]} 4. Nc3
{[%clk 0:03:05]} Nd7 {[%clk 0:02:57]} 5. Be3 {[%clk 0:03:01]} e6 {[%clk 0:02:58]}
6. Qd2 {[%clk 0:02:56]} b6 {[%clk 0:02:59]} 7. h4 {[%clk 0:02:35]} h6
{[%clk 0:02:59]} 8. f3 {[%clk 0:02:34]} Ne7 {[%clk 0:02:51]} 9. O-O-O
{[%clk 0:02:31]} Bb7 {[%clk 0:02:52]} 10. Bd3 {[%clk 0:02:26]} a6
{[%clk 0:02:52]} 11. Nge2 {[%clk 0:02:20]} c5 {[%clk 0:02:53]} 12. Kb1
{[%clk 0:02:14]} Qc7 {[%clk 0:02:39]} 13. Bc2 Rd8 {[%clk 0:02:10]} 14. d5
{[%clk 0:01:51]} exd5 {[%clk 0:02:06]} 15. exd5 {[%clk 0:01:43]} Kf8
{[%clk 0:01:59]} 16. f4 {[%clk 0:01:36]} b5 {[%clk 0:02:00]} 17. cxb5
{[%clk 0:01:27]} axb5 {[%clk 0:02:01]} 18. Nxb5 {[%clk 0:01:28]} Qb6
{[%clk 0:02:02]} 19. Nec3 {[%clk 0:01:26]} Nf6 {[%clk 0:01:54]} 20. Bb3
{[%clk 0:01:23]} Nf5 {[%clk 0:01:44]} 21. Bf2 {[%clk 0:01:14]} h5
{[%clk 0:01:38]} 22. Bc4 {[%clk 0:01:14]} Ba6 {[%clk 0:01:26]} 23. a4
{[%clk 0:01:11]} Ng4 {[%clk 0:01:23]} 24. Rhf1 {[%clk 0:00:54]} Kg8
{[%clk 0:01:22]} 25. Bg1 {[%clk 0:00:51]} Nxh4 {[%clk 0:01:16]} 26. Bd3
{[%clk 0:00:48]} Bc8 {[%clk 0:01:14]} 27. Ne4 {[%clk 0:00:42]} Nf5
{[%clk 0:01:05]} 28. Rfe1 {[%clk 0:00:39]} Qb7 {[%clk 0:00:54]} 29. Nec3
{[%clk 0:00:36]} Kh7 {[%clk 0:00:52]} 30. Qe2 {[%clk 0:00:29]} Rhf8
{[%clk 0:00:50]} 31. Be4 {[%clk 0:00:27]} Ng3 {[%clk 0:00:49]} 32. Qc2
{[%clk 0:00:25]} Nxe4 {[%clk 0:00:49]} 33. Nxe4 {[%clk 0:00:26]} Bf5
{[%clk 0:00:50]} 34. Ka2 {[%clk 0:00:21]} Qa6 {[%clk 0:00:37]} 35. b3
{[%clk 0:00:21]} Qxb5 {[%clk 0:00:23]} 36. Ng5+ {[%clk 0:00:14]} Kg8
{[%clk 0:00:24]} 37. Qxf5 {[%clk 0:00:11]} Ra8 {[%clk 0:00:23]} 38. Qc2
{[%clk 0:00:06]} c4 {[%clk 0:00:19]} 39. Re4 {[%clk 0:00:05]} cxb3+
{[%clk 0:00:14]} 40. Qxb3 {[%clk 0:00:06]} Qa6 {[%clk 0:00:16]} 41. Rc4
{[%clk 0:00:06]} Rfb8 {[%clk 0:00:16]} 42. Rb4 {[%clk 0:00:03]} Qe2+
{[%clk 0:00:17]} 43. Kb2 Qxd1+ 44. Kc1 Qd2+ 1/2-1/2

[Event "Russian Blitz Championship (m)"]
[Site "Sochi"]
[Date "2022.10.14"]
[Round "5.12"]
[White "Grachev, Boris"]
[Black "Derjabin, Ilja"]
[Result "1-0"]
[BlackElo "2341"]
[WhiteElo "2565"]
[LiveChessVersion "1.4.8"]

1. d4 {[%clk 0:03:03]} Nf6 {[%clk 0:03:03]} 2. Nf3 {[%clk 0:03:04]} d6
{[%clk 0:03:03]} 3. h3 {[%clk 0:02:58]} h6 {[%clk 0:02:57]} 4. g3
{[%clk 0:02:49]} Bf5 {[%clk 0:02:53]} 5. Bg2 {[%clk 0:02:49]} c6 {[%clk 0:02:52]}
6. c4 {[%clk 0:02:46]} g5 {[%clk 0:02:46]} 7. h4 {[%clk 0:02:34]} g4
{[%clk 0:02:41]} 8. Nfd2 {[%clk 0:02:35]} e5 {[%clk 0:02:22]} 9. dxe5
{[%clk 0:02:26]} dxe5 {[%clk 0:02:23]} 10. O-O {[%clk 0:02:21]} Nbd7
{[%clk 0:02:14]} 11. Nc3 {[%clk 0:02:21]} Nc5 {[%clk 0:01:59]} 12. b4
{[%clk 0:02:14]} Ne6 {[%clk 0:01:59]} 13. b5 {[%clk 0:02:12]} Rc8
{[%clk 0:01:55]} 14. bxc6 {[%clk 0:01:59]} bxc6 {[%clk 0:01:56]} 15. Nde4
{[%clk 0:01:38]} Nxe4 {[%clk 0:01:50]} 16. Nxe4 {[%clk 0:01:26]} Qxd1
{[%clk 0:01:37]} 17. Rxd1 {[%clk 0:01:27]} Be7 {[%clk 0:01:29]} 18. Be3
{[%clk 0:01:01]} Bxe4 {[%clk 0:01:19]} 19. Bxe4 {[%clk 0:01:02]} Nd4
{[%clk 0:01:20]} 20. Bxd4 {[%clk 0:00:59]} exd4 {[%clk 0:01:22]} 21. Bf5
{[%clk 0:00:56]} Rb8 {[%clk 0:01:15]} 22. Rxd4 {[%clk 0:00:43]} O-O
{[%clk 0:00:55]} 23. Rxg4+ {[%clk 0:00:42]} Kh8 {[%clk 0:00:57]} 24. Rd1
{[%clk 0:00:42]} Rb2 {[%clk 0:00:44]} 25. Re4 {[%clk 0:00:42]} Bc5
{[%clk 0:00:42]} 26. Rd7 {[%clk 0:00:41]} a5 {[%clk 0:00:23]} 27. Rc7
{[%clk 0:00:39]} Rxa2 {[%clk 0:00:17]} 28. Rxc6 {[%clk 0:00:40]} Bb4
{[%clk 0:00:17]} 29. Rg4 {[%clk 0:00:34]} f6 {[%clk 0:00:10]} 30. Rc7
{[%clk 0:00:34]} 1-0

[Event "Russian Blitz Championship (m)"]
[Site "Sochi"]
[Date "2022.10.14"]
[Round "5.14"]
[White "Rozhkov, Viacheslav"]
[Black "Zakhartsov, Vladimir"]
[Result "0-1"]
[BlackElo "2492"]
[WhiteElo "2258"]
[LiveChessVersion "1.4.8"]

1. e4 {[%clk 0:03:02]} c5 {[%clk 0:03:01]} 2. Nf3 {[%clk 0:03:01]} d6
{[%clk 0:03:02]} 3. d4 {[%clk 0:03:03]} Nf6 4. Nc3 {[%clk 0:03:03]} cxd4
{[%clk 0:03:04]} 5. Nxd4 {[%clk 0:03:04]} a6 {[%clk 0:03:05]} 6. Be3
{[%clk 0:03:04]} Ng4 {[%clk 0:03:06]} 7. Bg5 {[%clk 0:03:04]} h6 {[%clk 0:03:06]}
8. Bh4 {[%clk 0:03:05]} g5 {[%clk 0:03:07]} 9. Bg3 {[%clk 0:03:06]} Bg7
{[%clk 0:03:07]} 10. Be2 {[%clk 0:03:06]} Ne5 {[%clk 0:03:02]} 11. O-O
{[%clk 0:03:05]} Nbc6 {[%clk 0:03:01]} 12. Nf5 {[%clk 0:03:06]} Bxf5
{[%clk 0:02:58]} 13. exf5 {[%clk 0:03:07]} Nd4 {[%clk 0:02:55]} 14. f4
{[%clk 0:02:39]} gxf4 {[%clk 0:02:36]} 15. Bxf4 {[%clk 0:02:40]} Rc8
{[%clk 0:01:51]} 16. Kh1 {[%clk 0:02:40]} Nxe2 {[%clk 0:01:26]} 17. Qxe2
{[%clk 0:02:41]} Qd7 {[%clk 0:01:27]} 18. Bg3 {[%clk 0:02:10]} h5
{[%clk 0:01:27]} 19. Nd5 {[%clk 0:02:10]} Rc5 {[%clk 0:00:52]} 20. f6
{[%clk 0:02:06]} Rxd5 {[%clk 0:00:29]} 21. fxg7 {[%clk 0:02:06]} Rg8
{[%clk 0:00:30]} 22. Qxh5 {[%clk 0:02:06]} Qe6 {[%clk 0:00:32]} 23. Qh7
{[%clk 0:01:24]} f6 {[%clk 0:00:33]} 24. Rae1 {[%clk 0:01:23]} Qf7
{[%clk 0:00:31]} 25. Bxe5 {[%clk 0:01:23]} dxe5 {[%clk 0:00:27]} 26. Rd1
{[%clk 0:01:11]} Rxd1 {[%clk 0:00:22]} 27. Rxd1 {[%clk 0:01:12]} Qxg7
{[%clk 0:00:23]} 28. Qh5+ {[%clk 0:01:12]} Qg6 {[%clk 0:00:24]} 29. Qf3
{[%clk 0:01:11]} Qxc2 {[%clk 0:00:21]} 30. Re1 {[%clk 0:00:37]} Qxb2
{[%clk 0:00:17]} 31. Qh5+ {[%clk 0:00:37]} Kf8 {[%clk 0:00:16]} 32. Qh6+
{[%clk 0:00:38]} Rg7 {[%clk 0:00:16]} 33. Qh8+ {[%clk 0:00:38]} Kf7
{[%clk 0:00:17]} 34. Qh5+ {[%clk 0:00:39]} Kf8 {[%clk 0:00:12]} 35. Qh8+
{[%clk 0:00:39]} Rg8 {[%clk 0:00:13]} 36. Qh6+ {[%clk 0:00:40]} Ke8
{[%clk 0:00:12]} 37. Qh5+ {[%clk 0:00:40]} Kd8 {[%clk 0:00:13]} 38. Rg1
{[%clk 0:00:19]} Qxa2 {[%clk 0:00:11]} 39. h3 {[%clk 0:00:16]} Kc7
{[%clk 0:00:11]} 40. Qh7 {[%clk 0:00:14]} Qe6 {[%clk 0:00:10]} 41. Rc1+
{[%clk 0:00:12]} Kb8 {[%clk 0:00:11]} 42. Qe4 {[%clk 0:00:12]} f5
{[%clk 0:00:11]} 43. Qb4 {[%clk 0:00:12]} Rc8 {[%clk 0:00:08]} 44. Rb1
{[%clk 0:00:13]} Rc7 {[%clk 0:00:09]} 45. Kh2 {[%clk 0:00:09]} e4
{[%clk 0:00:10]} 46. Kh1 {[%clk 0:00:10]} e3 {[%clk 0:00:11]} 47. Qd4
{[%clk 0:00:11]} e2 {[%clk 0:00:07]} 48. Re1 {[%clk 0:00:13]} Rc4
{[%clk 0:00:07]} 49. Qd8+ {[%clk 0:00:13]} Ka7 {[%clk 0:00:08]} 50. Qd3
{[%clk 0:00:14]} Re4 {[%clk 0:00:09]} 0-1

[Event "Russian Blitz Championship (m)"]
[Site "Sochi"]
[Date "2022.10.14"]
[Round "5.15"]
[White "Bocharov, Dmitry"]
[Black "Grigorjev, Iljya"]
[Result "0-1"]
[BlackElo "2304"]
[WhiteElo "2484"]
[LiveChessVersion "1.4.8"]

1. d4 {[%clk 0:03:01]} Nf6 {[%clk 0:03:02]} 2. c4 {[%clk 0:03:02]} g6
{[%clk 0:03:03]} 3. g3 {[%clk 0:03:02]} c6 {[%clk 0:03:03]} 4. Bg2
{[%clk 0:03:02]} d5 {[%clk 0:03:04]} 5. Qa4 {[%clk 0:03:02]} Bg7 {[%clk 0:03:04]}
6. cxd5 {[%clk 0:03:03]} Nxd5 {[%clk 0:03:04]} 7. Nf3 {[%clk 0:03:03]} O-O
{[%clk 0:03:03]} 8. O-O {[%clk 0:03:03]} Nb6 {[%clk 0:03:02]} 9. Qc2
{[%clk 0:02:58]} Na6 {[%clk 0:02:59]} 10. Nc3 {[%clk 0:02:56]} Bg4
{[%clk 0:02:35]} 11. Rd1 {[%clk 0:02:51]} Rc8 {[%clk 0:02:34]} 12. Ne5
{[%clk 0:02:45]} Bf5 {[%clk 0:02:30]} 13. e4 {[%clk 0:02:41]} Be6
{[%clk 0:02:31]} 14. Bf4 {[%clk 0:02:40]} Qe8 {[%clk 0:02:07]} 15. Rac1
{[%clk 0:02:33]} Nd7 {[%clk 0:02:01]} 16. Nf3 {[%clk 0:02:25]} Bg4
{[%clk 0:02:01]} 17. e5 {[%clk 0:02:00]} c5 {[%clk 0:01:49]} 18. Qe2
{[%clk 0:01:29]} cxd4 {[%clk 0:01:45]} 19. Rxd4 {[%clk 0:01:24]} Nac5
{[%clk 0:01:41]} 20. Nd5 {[%clk 0:01:00]} e6 {[%clk 0:01:35]} 21. Nf6+
{[%clk 0:00:43]} Bxf6 {[%clk 0:01:16]} 22. exf6 {[%clk 0:00:39]} e5
{[%clk 0:01:16]} 23. Rxd7 {[%clk 0:00:09]} Nxd7 {[%clk 0:01:17]} 24. Rxc8
{[%clk 0:00:06]} Qxc8 {[%clk 0:01:17]} 25. Bh6 {[%clk 0:00:06]} Re8
{[%clk 0:01:12]} 26. h3 {[%clk 0:00:07]} Bxf3 {[%clk 0:01:08]} 27. Qxf3
{[%clk 0:00:08]} e4 {[%clk 0:01:07]} 28. Qa3 {[%clk 0:00:07]} Nxf6
{[%clk 0:01:01]} 29. Qxa7 {[%clk 0:00:08]} Qc6 {[%clk 0:00:55]} 30. Qd4
{[%clk 0:00:06]} Qe6 {[%clk 0:00:44]} 31. g4 {[%clk 0:00:04]} Qe5
{[%clk 0:00:41]} 32. Qb4 0-1

[Event "Russian Blitz Championship (m)"]
[Site "Sochi"]
[Date "2022.10.14"]
[Round "5.16"]
[White "Kavyev, Ruslan"]
[Black "Iljiushenok, Ilia"]
[Result "1-0"]
[BlackElo "2467"]
[WhiteElo "2245"]
[LiveChessVersion "1.4.8"]

1. d4 {[%clk 0:03:02]} Nf6 {[%clk 0:03:04]} 2. c4 {[%clk 0:03:03]} e6
{[%clk 0:03:03]} 3. g3 {[%clk 0:03:04]} d5 {[%clk 0:03:02]} 4. Bg2
{[%clk 0:03:05]} Bb4+ {[%clk 0:02:57]} 5. Nd2 {[%clk 0:03:06]} a5
{[%clk 0:02:48]} 6. Ngf3 {[%clk 0:03:05]} dxc4 {[%clk 0:02:48]} 7. Qc2
{[%clk 0:02:59]} b5 {[%clk 0:02:38]} 8. a3 {[%clk 0:02:57]} Bxd2+
{[%clk 0:02:33]} 9. Bxd2 {[%clk 0:02:58]} Bb7 {[%clk 0:02:26]} 10. a4
{[%clk 0:02:58]} c6 {[%clk 0:02:16]} 11. h4 {[%clk 0:02:59]} Na6 {[%clk 0:02:03]}
12. h5 {[%clk 0:02:59]} Nb4 {[%clk 0:01:55]} 13. Qc1 {[%clk 0:02:21]} h6
{[%clk 0:01:52]} 14. Rh4 {[%clk 0:02:15]} Qb6 {[%clk 0:01:38]} 15. Ne5
{[%clk 0:02:08]} Rd8 {[%clk 0:01:38]} 16. Bc3 {[%clk 0:01:51]} O-O
{[%clk 0:01:07]} 17. Kf1 {[%clk 0:01:50]} c5 {[%clk 0:00:59]} 18. Bxb7
{[%clk 0:01:41]} Qxb7 {[%clk 0:01:00]} 19. dxc5 {[%clk 0:01:35]} Ne4
{[%clk 0:00:59]} 20. axb5 {[%clk 0:01:29]} Nxc5 {[%clk 0:00:56]} 21. Qf4
{[%clk 0:00:49]} f6 {[%clk 0:00:44]} 22. Nxc4 {[%clk 0:00:39]} Nd5
{[%clk 0:00:36]} 23. Qf3 {[%clk 0:00:37]} Qxb5 {[%clk 0:00:26]} 24. Rxa5
{[%clk 0:00:35]} Qc6 {[%clk 0:00:22]} 25. Kg2 {[%clk 0:00:27]} e5
{[%clk 0:00:21]} 26. Nd2 {[%clk 0:00:22]} Qe6 {[%clk 0:00:16]} 27. Rxc5
{[%clk 0:00:22]} Nxc3 {[%clk 0:00:14]} 28. Qxc3 {[%clk 0:00:22]} Qf5
{[%clk 0:00:10]} 29. Ne4 {[%clk 0:00:13]} Rd1 {[%clk 0:00:11]} 30. Qf3
{[%clk 0:00:13]} Qe6 {[%clk 0:00:11]} 31. e3 {[%clk 0:00:11]} Ra1
{[%clk 0:00:11]} 32. Nc3 {[%clk 0:00:11]} Qa6 {[%clk 0:00:12]} 33. Qe2
{[%clk 0:00:12]} Qb7+ 34. e4 {[%clk 0:00:09]} Rd8 {[%clk 0:00:14]} 35. Rg4
{[%clk 0:00:08]} Qd7 {[%clk 0:00:08]} 36. Rg6 {[%clk 0:00:07]} Kh7
{[%clk 0:00:08]} 37. Rd5 {[%clk 0:00:07]} Qe7 {[%clk 0:00:07]} 38. Rxd8 Qxd8
{[%clk 0:00:08]} 39. Nd5 {[%clk 0:00:08]} Qa8 {[%clk 0:00:04]} 40. Qg4
{[%clk 0:00:09]} Qb7 {[%clk 0:00:05]} 41. Qf5 {[%clk 0:00:10]} Kh8
{[%clk 0:00:06]} 42. Nxf6 {[%clk 0:00:09]} 1-0

[Event "Russian Blitz Championship (m)"]
[Site "Sochi"]
[Date "2022.10.14"]
[Round "5.17"]
[White "Kulaev, Maxim"]
[Black "Turov, Maxim"]
[Result "0-1"]
[BlackElo "2465"]
[WhiteElo "2227"]
[LiveChessVersion "1.4.8"]

1. d4 {[%clk 0:03:03]} Nf6 {[%clk 0:03:03]} 2. c4 {[%clk 0:03:04]} e6
{[%clk 0:03:03]} 3. Nf3 {[%clk 0:03:05]} Bb4+ {[%clk 0:03:03]} 4. Nbd2
{[%clk 0:03:06]} d6 {[%clk 0:03:03]} 5. a3 {[%clk 0:02:49]} Bxd2+
{[%clk 0:03:03]} 6. Bxd2 {[%clk 0:02:49]} Qe7 {[%clk 0:03:02]} 7. g3
{[%clk 0:02:08]} b6 {[%clk 0:02:49]} 8. Bg2 {[%clk 0:02:08]} Bb7 {[%clk 0:02:50]}
9. O-O {[%clk 0:02:08]} O-O {[%clk 0:02:50]} 10. Qc2 {[%clk 0:01:41]} Be4
{[%clk 0:02:41]} 11. Qc3 {[%clk 0:01:40]} Nbd7 {[%clk 0:02:38]} 12. b4
{[%clk 0:01:32]} a5 {[%clk 0:02:37]} 13. Qb2 {[%clk 0:01:31]} axb4 14. axb4
{[%clk 0:01:32]} Rfb8 {[%clk 0:02:10]} 15. Rfc1 {[%clk 0:01:32]} Qe8
{[%clk 0:02:05]} 16. Bf1 {[%clk 0:00:55]} Rxa1 {[%clk 0:01:53]} 17. Rxa1
{[%clk 0:00:56]} Ra8 {[%clk 0:01:54]} 18. Ra3 {[%clk 0:00:52]} Rxa3
{[%clk 0:01:37]} 19. Qxa3 {[%clk 0:00:54]} Qa8 {[%clk 0:01:38]} 20. Qxa8+
{[%clk 0:00:53]} Bxa8 {[%clk 0:01:39]} 21. Be1 {[%clk 0:00:31]} Ne4
{[%clk 0:01:26]} 22. Nh4 {[%clk 0:00:29]} f5 {[%clk 0:01:22]} 23. f3
{[%clk 0:00:30]} Nef6 {[%clk 0:01:20]} 24. Ng2 {[%clk 0:00:30]} c5
{[%clk 0:01:13]} 25. bxc5 {[%clk 0:00:23]} bxc5 {[%clk 0:01:04]} 26. dxc5
{[%clk 0:00:05]} Nxc5 {[%clk 0:01:04]} 27. Kf2 {[%clk 0:00:04]} Nfd7
{[%clk 0:01:05]} 28. Bc3 {[%clk 0:00:03]} Nb6 {[%clk 0:01:02]} 29. e3
{[%clk 0:00:04]} Kf7 {[%clk 0:00:58]} 30. Nf4 {[%clk 0:00:04]} g5
{[%clk 0:00:59]} 31. Nd3 {[%clk 0:00:04]} Nca4 {[%clk 0:00:54]} 32. Bd4
{[%clk 0:00:03]} Nxc4 {[%clk 0:00:54]} 33. Nb4 {[%clk 0:00:04]} Nd2
{[%clk 0:00:49]} 34. Bb5 {[%clk 0:00:04]} Nc5 {[%clk 0:00:46]} 35. Nc6
{[%clk 0:00:03]} Ndb3 {[%clk 0:00:41]} 36. Bc3 {[%clk 0:00:04]} g4
{[%clk 0:00:39]} 37. fxg4 {[%clk 0:00:04]} Ne4+ {[%clk 0:00:40]} 38. Ke1
{[%clk 0:00:05]} Nxc3 {[%clk 0:00:41]} 39. Bc4 {[%clk 0:00:04]} Bxc6
{[%clk 0:00:40]} 40. Bxb3 {[%clk 0:00:05]} fxg4 {[%clk 0:00:41]} 0-1

[Event "Russian Blitz Championship (m)"]
[Site "Sochi"]
[Date "2022.10.14"]
[Round "5.18"]
[White "Rozum, Ivan"]
[Black "Uskov, Artem"]
[Result "1-0"]
[BlackElo "2276"]
[WhiteElo "2428"]
[LiveChessVersion "1.4.8"]

1. b3 {[%clk 0:03:04]} e5 {[%clk 0:02:58]} 2. Bb2 {[%clk 0:03:04]} Nc6
{[%clk 0:02:58]} 3. c4 {[%clk 0:03:04]} Nf6 {[%clk 0:02:53]} 4. e3
{[%clk 0:03:05]} Bc5 {[%clk 0:02:40]} 5. a3 {[%clk 0:02:49]} d6 {[%clk 0:02:33]}
6. d4 {[%clk 0:02:43]} exd4 {[%clk 0:02:30]} 7. exd4 {[%clk 0:02:44]} Qe7+
{[%clk 0:02:21]} 8. Be2 {[%clk 0:02:41]} Bb6 {[%clk 0:02:22]} 9. Nf3
{[%clk 0:02:39]} O-O {[%clk 0:02:16]} 10. O-O {[%clk 0:02:39]} Bg4
{[%clk 0:02:07]} 11. Re1 {[%clk 0:02:02]} Rfe8 {[%clk 0:02:08]} 12. Nbd2
{[%clk 0:02:03]} Bh5 {[%clk 0:01:21]} 13. b4 {[%clk 0:01:59]} a5 {[%clk 0:01:19]}
14. c5 {[%clk 0:01:59]} Ba7 {[%clk 0:01:17]} 15. Qb3 {[%clk 0:01:47]} Qd7
{[%clk 0:01:10]} 16. b5 {[%clk 0:01:37]} Ne7 {[%clk 0:01:06]} 17. b6
{[%clk 0:01:38]} a4 {[%clk 0:00:59]} 18. Qb5 {[%clk 0:01:24]} c6 {[%clk 0:00:43]}
19. Qc4 {[%clk 0:01:20]} Bb8 {[%clk 0:00:43]} 20. Qc2 {[%clk 0:01:08]} Ned5
{[%clk 0:00:33]} 21. Bd3 {[%clk 0:01:04]} dxc5 {[%clk 0:00:28]} 22. dxc5
{[%clk 0:01:05]} Bf4 {[%clk 0:00:27]} 23. Ne5 {[%clk 0:00:59]} Qd8
{[%clk 0:00:20]} 24. Ndc4 {[%clk 0:00:58]} Bg6 {[%clk 0:00:17]} 25. Bxg6
{[%clk 0:00:56]} hxg6 {[%clk 0:00:17]} 26. Nd6 {[%clk 0:00:49]} Re7
{[%clk 0:00:14]} 27. Rad1 {[%clk 0:00:43]} Nd7 {[%clk 0:00:08]} 28. Nxb7
{[%clk 0:00:41]} Qc8 {[%clk 0:00:06]} 29. Nd6 {[%clk 0:00:39]} Qf8
{[%clk 0:00:05]} 30. Nxc6 {[%clk 0:00:39]} Rxe1+ {[%clk 0:00:05]} 31. Rxe1
{[%clk 0:00:40]} N7xb6 {[%clk 0:00:03]} 32. cxb6 {[%clk 0:00:36]} Qxd6
{[%clk 0:00:04]} 33. b7 {[%clk 0:00:35]} Rf8 {[%clk 0:00:05]} 34. g3
{[%clk 0:00:34]} Bg5 {[%clk 0:00:04]} 35. Rd1 {[%clk 0:00:34]} Qc7
{[%clk 0:00:03]} 36. Rxd5 {[%clk 0:00:34]} Qxb7 {[%clk 0:00:04]} 37. Rxg5
{[%clk 0:00:35]} Re8 {[%clk 0:00:05]} 38. Re5 {[%clk 0:00:34]} Rxe5
{[%clk 0:00:03]} 39. Bxe5 {[%clk 0:00:34]} Qb5 {[%clk 0:00:04]} 40. Bd4
{[%clk 0:00:30]} Kh7 {[%clk 0:00:03]} 41. Be3 {[%clk 0:00:31]} Qd5
{[%clk 0:00:03]} 42. h4 {[%clk 0:00:31]} Qf3 {[%clk 0:00:03]} 43. Qxa4
{[%clk 0:00:30]} Qd5 {[%clk 0:00:04]} 44. Qc2 {[%clk 0:00:30]} f5
{[%clk 0:00:05]} 45. a4 {[%clk 0:00:31]} Qe4 1-0

[Event "Russian Blitz Championship (m)"]
[Site "Sochi"]
[Date "2022.10.14"]
[Round "5.19"]
[White "Popov, Maksim"]
[Black "Obgolts, Erik"]
[Result "0-1"]
[BlackElo "2407"]
[WhiteElo "2200"]
[LiveChessVersion "1.4.8"]

1. e4 {[%clk 0:03:02]} c5 {[%clk 0:03:03]} 2. Nf3 {[%clk 0:03:03]} e6
{[%clk 0:03:04]} 3. g3 {[%clk 0:03:03]} Nc6 {[%clk 0:03:04]} 4. Bg2
{[%clk 0:03:04]} Nf6 {[%clk 0:03:05]} 5. Qe2 {[%clk 0:03:05]} e5 {[%clk 0:03:02]}
6. d3 {[%clk 0:02:56]} h6 {[%clk 0:02:59]} 7. c3 {[%clk 0:02:42]} d6
{[%clk 0:02:56]} 8. a4 {[%clk 0:02:35]} Be7 {[%clk 0:02:55]} 9. Na3
{[%clk 0:02:30]} Be6 {[%clk 0:02:54]} 10. Nc4 {[%clk 0:01:56]} O-O
{[%clk 0:02:49]} 11. O-O {[%clk 0:01:54]} Re8 {[%clk 0:02:27]} 12. Rb1
{[%clk 0:01:21]} Bf8 {[%clk 0:02:26]} 13. b4 {[%clk 0:01:20]} cxb4
{[%clk 0:02:25]} 14. cxb4 {[%clk 0:01:21]} Bg4 {[%clk 0:02:13]} 15. Ne3
{[%clk 0:01:01]} Nd4 {[%clk 0:02:06]} 16. Qd1 {[%clk 0:01:02]} Nxf3+
{[%clk 0:01:33]} 17. Bxf3 {[%clk 0:01:03]} Be6 {[%clk 0:01:34]} 18. d4
{[%clk 0:00:50]} Rc8 {[%clk 0:01:20]} 19. Bb2 {[%clk 0:00:47]} Bh3
{[%clk 0:01:06]} 20. Re1 {[%clk 0:00:47]} a6 {[%clk 0:01:01]} 21. Ba1
{[%clk 0:00:23]} b5 {[%clk 0:00:50]} 22. Qd3 {[%clk 0:00:20]} d5 {[%clk 0:00:28]}
23. dxe5 {[%clk 0:00:16]} dxe4 {[%clk 0:00:29]} 24. Qxd8 {[%clk 0:00:08]} Rcxd8
{[%clk 0:00:30]} 25. exf6 {[%clk 0:00:09]} exf3 {[%clk 0:00:31]} 26. fxg7
{[%clk 0:00:10]} Bxg7 {[%clk 0:00:30]} 27. Bxg7 {[%clk 0:00:11]} Kxg7
{[%clk 0:00:31]} 28. g4 {[%clk 0:00:09]} Kg6 {[%clk 0:00:28]} 29. Rbc1
{[%clk 0:00:10]} Rd4 {[%clk 0:00:23]} 30. Rc6+ {[%clk 0:00:09]} Re6
{[%clk 0:00:25]} 31. Rxe6+ {[%clk 0:00:09]} fxe6 {[%clk 0:00:26]} 32. Rb1
{[%clk 0:00:09]} Bxg4 {[%clk 0:00:24]} 33. Kf1 {[%clk 0:00:09]} Bh3+
{[%clk 0:00:20]} 34. Ke1 {[%clk 0:00:10]} Kg5 {[%clk 0:00:17]} 35. Rb3
{[%clk 0:00:11]} e5 {[%clk 0:00:17]} 36. Nc2 {[%clk 0:00:12]} Re4+
{[%clk 0:00:17]} 37. Ne3 {[%clk 0:00:12]} Be6 {[%clk 0:00:17]} 38. Rb2
{[%clk 0:00:13]} Rh4 {[%clk 0:00:17]} 39. Nf1 {[%clk 0:00:13]} Bc4
{[%clk 0:00:18]} 40. Ng3 {[%clk 0:00:14]} Rxh2 {[%clk 0:00:17]} 41. Rd2
{[%clk 0:00:15]} Rg2 {[%clk 0:00:15]} 42. Rd8 {[%clk 0:00:17]} Rg1+
{[%clk 0:00:14]} 43. Kd2 {[%clk 0:00:18]} Rxg3 {[%clk 0:00:13]} 44. fxg3
{[%clk 0:00:19]} f2 {[%clk 0:00:14]} 45. Rg8+ {[%clk 0:00:19]} Bxg8
{[%clk 0:00:15]} 0-1